000 00309nam a2200157Ia 4500
100 _aSomers/Matt
942 _cBK
366 _f17.5
654 _acoaching
245 _aCoaching
260 _bHodder Education
_c2008
082 _a658.0092/SOM
_bSOM
300 _a192
546 _aENGLISH
999 _c19718
_d19718